Chicken licken

Bibliographic Details
Other Authors: Childs, Sam, Ross, Mandy
Format: Book
Published: London : Penguin Books Ltd , 20--
Series:Ladybird first favourite tales
Subjects:

MARC

LEADER 00000cam a2200000 7i4500
001 0000187315
005 20140709.0
020 |a 9781409309567 
090 0 0 |a JF   |b CHI 
245 0 0 |a Chicken licken   |c retold by Mandy Ross ; illustrated by Sam Childs 
260 |a London :   |b Penguin Books Ltd ,   |c 20-- 
300 |a p.v. :   |b ill. ;   |c 18cm. 
490 0 |a Ladybird first favourite tales 
500 |a Play & Learn Library 
650 0 0 |a Children's stories 
700 1 |a Childs, Sam 
700 1 |a Ross, Mandy 
999 |a 00298521   |b BUKU   |c JUNIOR REFERENCE   |e PERPUSTAKAAN KOMUNITI PETALING JAYA 
999 |a 00298522   |b BUKU   |c JUNIOR REFERENCE   |e PERPUSTAKAAN KOMUNITI PETALING JAYA